| 000 | 00000nam##2200000za#4500 |
| 001 | 9.606934 |
| 003 | CaOODSP |
| 005 | 20210624212855 |
| 007 | cr ||||||||||| |
| 008 | 150406|1990||||xxc|||||o f|0| 0 fre|d |
| 040 | |aCaOODSP|bfre |
| 043 | |an-cn--- |
| 086 | 1 |aEn49-24/1-12F-PDF |
| 110 | 1 |aCanada.|bEnvironnement Canada. |bCentre de Technologie Environnementale. |
| 245 | 10|aDocument d'orientation sur le contrôle de la précision des essais de toxicité au moyen de produits toxiques de référence |h[ressource électronique] |
| 260 | |aOttawa - Ontario : |bEnvironnement Canada. |cAoût 1990. |
| 300 | |a95p.|bgraphiques, références, tableaux |
| 490 | 1 |aSérie de la Protection de l'environnement. [Méthodes de référence] |vSPE 1/RM/12 |
| 500 | |aLe n° de catalogue (En49-24/1-12F) et l'ISBN (0-662-96304-0) de l'édition imprimée ont été copiés dans l'édition électronique. |
| 546 | |a(Abstract in English). |
| 590 | |a14-21-Supp|b2014-12-11 |
| 691 | 07|aÉcosystème aquatique|2gcpds |
| 691 | 07|aProduit toxique|2gcpds |
| 775 | 08|tGuidance document on control of toxicity test precision using reference toxicants |w(CaOODSP)9.579456 |
| 830 | #0|aSérie de la Protection de l'environnement. [Méthodes de référence]|vSPE 1/RM/12|w(CaOODSP)9.501305 |
| 856 | 40|ahttp://publications.gc.ca|qPDF|s1006 Ko|uhttps://publications.gc.ca/collections/collection_2014/ec/En49-24-1-12-fra.pdf|ySPE 1/RM/12 |